Sports Quiz

Random Sports or NCAA Quiz

If This Stadium Was a City... Quiz Stats

 Plays Quiz Updated Oct 17, 2017

Challenge
Share
Tweet
Embed
Score 0/6 Timer 03:00
0 Plays Today
Stadium Capacity... at this school.... % Correct
85,458University of Nebraska
70.7%
64,038University of Mississippi
55.3%
60,000West Virginia University
42.7%
50,000University of Hawaii
42.3%
61,337Mississippi State University
28.7%
38,019Marshall University
10.4%

You're not logged in!

Compare scores with friends on all Sporcle quizzes.
Join for Free
OR
Log In

You Might Also Like...

Show Comments

Extras

Top Quizzes Today


Score Distribution

Your Account Isn't Verified!

In order to create a playlist on Sporcle, you need to verify the email address you used during registration. Go to your Sporcle Settings to finish the process.

Report this User

Report this user for behavior that violates our Community Guidelines.

Details: